| 000 | 00522nam a22002057a 4500 | ||
|---|---|---|---|
| 001 | sjds | ||
| 003 | sjds | ||
| 005 | 20240524122333.0 | ||
| 008 | 230118b mx ||||| |||| 00| 0 spa d | ||
| 020 | _a9789700502847 | ||
| 020 | _a9700502848 | ||
| 040 | _csjds | ||
| 041 | _aspa | ||
| 100 | 1 | _aSuarez, Maribel | |
| 245 | 1 | 0 |
_aMis primeras palabras / _cMaribel Suarez |
| 260 |
_aMexico : _bGrijalbo, _cc1992. |
||
| 300 |
_a 16 unnumbered pages : _bcolor illustrations ; _c 21 cm |
||
| 440 | _a Albores | ||
| 942 |
_cBK _2ddc |
||
| 999 |
_c27827 _d27827 |
||